Normal view
MARC view
- السيد،عز الدين علي
Entry Personal Name
001 - CONTROL NUMBER
- control field: 7639
003 - CONTROL NUMBER IDENTIFIER
- control field: JO-AjAnu
005 - DATE AND TIME OF LATEST TRANSACTION
- control field: 20230606071532.0
008 - FIXED-LENGTH DATA ELEMENTS
- fixed length control field: 230606|| aca||aabn | a|a d
040 ## - CATALOGING SOURCE
- Original cataloging agency: JO-AjAnu
- Transcribing agency: JO-AjAnu
100 ## - HEADING--PERSONAL NAME
- Personal name: السيد،عز الدين علي
670 ## - SOURCE DATA FOUND
- Source citation: Work cat.: (JO-AjAnu)3950: السيد،عز الدين علي, author, الحديث النبوي من الوجهة البلاغية